Dos estudios sobre educación: la filosofía educacional de Fröbel John Dewey, filósofo de América

Saved in:
Bibliografiske detaljer
Hovedforfatter: Munizaga Aguirre, Roberto (autor)
Format: Bog
Sprog:spansk
Udgivet: La Serena Universidad de La Serena. Facultad de Humanidades 1986
Fag:
Tags: Tilføj Tag
Ingen Tags, Vær først til at tagge denne postø!

MARC

LEADER 00000nam a2200000 a 4500
001 UCZ7553
003 CL-VaPUC
008 960105e19860000CL |||||||||||||||||spa|d
082 0 4 |a 370.1  |b MUN  |2 21 
100 |a Munizaga Aguirre, Roberto  |e autor  |9 429824 
245 1 0 |a Dos estudios sobre educación: la filosofía educacional de Fröbel John Dewey, filósofo de América 
300 |a 96 p 
942 |c BK 
945 |d 19960105 00:00:00  |a cmena 
260 |a La Serena  |b Universidad de La Serena. Facultad de Humanidades  |c 1986 
600 0 7 |a FROBEL, G. F  |2 CL-VaPUC  |9 352508 
600 0 7 |a DEWEY, JOHN  |2 CL-VaPUC  |9 328380 
650 0 |a Filosofía de la educación   |9 258384 
650 0 |a Teoría de la educación   |9 309368 
650 0 |a Escuelas filosóficas   |9 266232 
583 |a last modification  |c 19960105 00:00:00  |k Rodrigo Vera 
999 |c 243609  |d 243607 
952 |0 0  |1 0  |4 0  |6 370_100000000000000_MUN_1986  |7 0  |8 A  |9 257311  |a BIBEDU  |b BIBEDU  |d 2019-11-19  |i 1613553  |o 370.1 MUN 1986  |p 1613553  |r 2019-11-19  |w 2019-11-19  |y BK  |k EDU 
952 |0 0  |1 0  |4 0  |6 370_100000000000000_MUN_1986  |7 0  |8 A  |9 257312  |a FDOPOS  |b FDOPOS  |d 2019-11-19  |i 4270363  |o 370.1 MUN 1986  |p 4270363  |r 2023-08-09  |w 2019-11-19  |y BK  |k MLA